International practice development in nursing and healthcare / (Record no. 29479)
[ view plain ]
| 000 -LEADER | |
|---|---|
| fixed length control field | nam a22 7a 4500 |
| 003 - CONTROL NUMBER IDENTIFIER | |
| control field | OSt |
| 005 - DATE AND TIME OF LATEST TRANSACTION | |
| control field | 20170618185708.0 |
| 008 - FIXED-LENGTH DATA ELEMENTS--GENERAL INFORMATION | |
| fixed length control field | 170618b xxu||||| |||| 00| 0 eng d |
| 016 7# - NATIONAL BIBLIOGRAPHIC AGENCY CONTROL NUMBER | |
| Record control number | 101317225 |
| Source | DNLM |
| 020 ## - INTERNATIONAL STANDARD BOOK NUMBER | |
| International Standard Book Number | 9781405156769 (pbk. : alk. paper) |
| 020 ## - INTERNATIONAL STANDARD BOOK NUMBER | |
| International Standard Book Number | 1405156767 (pbk. : alk. paper) |
| 040 ## - CATALOGING SOURCE | |
| Original cataloging agency | MMU |
| Transcribing agency | MMU |
| Modifying agency | MMU |
| Language of cataloging | eng |
| 050 00 - LIBRARY OF CONGRESS CALL NUMBER | |
| Classification number | RT82.8 |
| Item number | .I56 2008 |
| 082 00 - DEWEY DECIMAL CLASSIFICATION NUMBER | |
| Classification number | 610.73 |
| Edition number | 22 |
| 245 00 - TITLE STATEMENT | |
| Title | International practice development in nursing and healthcare / |
| Statement of responsibility, etc. | edited by Kim Manley, Brendan McCormack, Val Wilson. |
| 260 ## - PUBLICATION, DISTRIBUTION, ETC. (IMPRINT) | |
| Place of publication, distribution, etc. | Oxford : |
| Name of publisher, distributor, etc. | Blackwell Pub., |
| Date of publication, distribution, etc. | 2008. |
| 300 ## - PHYSICAL DESCRIPTION | |
| Extent | xxi, 402 p. : |
| Other physical details | ill. ; |
| Dimensions | 25 cm. |
| 504 ## - BIBLIOGRAPHY, ETC. NOTE | |
| Bibliography, etc | Includes bibliographical references and index. |
| 505 0# - FORMATTED CONTENTS NOTE | |
| Formatted contents note | Person-centred systems and processes / Brendan McCormack, Kim Manley and Ken Walsh -- The ever-changing discourse of practice development: can we all keep afloat? / Lucienne Hoogwerf, Donna Frost and Tanya McCance -- A methodological walk in the forest : critical creativity and human flourishing / Angie Titchen & Brendan McCormack -- Evidence use and evidence generation in practice development / Tracey Bucknall, Bridie Kent, Kim Manley -- Learning : the heart of practice development / Charlotte Clarke & Val Wilson -- An exploration of practice development evaluation : unearthing praxis / Val Wilson, Sally Hardy, Bob Brown -- Enabling practice development : delving into the concept of facilitation from a practitioner perspective / Theresa Shaw ... [et al.] -- Being culturally sensitive in development work / Cheryle Moss & Jane Chittenden -- Person-centred outcomes and cultural change / Brendan McCormack ... [et al.] -- |
| 505 0# - FORMATTED CONTENTS NOTE | |
| Formatted contents note | Changing the culture and context of practice : evaluating the journey towards family-centred care / Val Wilson, Raelene Walsh -- Becoming a facilitator : the journey / Shirley Burke, Helen O'Neal and Jacqueline Clarke -- Leadership support / Annette Solman & Mary FitzGerald -- Becoming and being active learners and creating active learning workplaces : the value of active learning in practice development / Jan Dewing -- Evidence use in practice development / Rob McSherry and Karen Cox -- Using practice development approaches in the development of a managed clinical network / Liz Henderson and Sandra McKillop -- Accrediting practice development activity : an approach for achieving person-centred and evidence-based care / Kim Manley ... [et al.] -- The future contribution of practice development in a changing healthcare context / Kim Manley ... [et al.]. |
| 650 #0 - SUBJECT ADDED ENTRY--TOPICAL TERM | |
| Topical term or geographic name as entry element | Nursing. |
| 650 #0 - SUBJECT ADDED ENTRY--TOPICAL TERM | |
| Topical term or geographic name as entry element | Nurse practitioners. |
| 650 #0 - SUBJECT ADDED ENTRY--TOPICAL TERM | |
| Topical term or geographic name as entry element | Nursing |
| General subdivision | International cooperation. |
| 650 12 - SUBJECT ADDED ENTRY--TOPICAL TERM | |
| Topical term or geographic name as entry element | Nursing Research. |
| 9 (RLIN) | 171 |
| 650 22 - SUBJECT ADDED ENTRY--TOPICAL TERM | |
| Topical term or geographic name as entry element | Clinical Competence. |
| 650 22 - SUBJECT ADDED ENTRY--TOPICAL TERM | |
| Topical term or geographic name as entry element | Evidence-Based Medicine. |
| 650 22 - SUBJECT ADDED ENTRY--TOPICAL TERM | |
| Topical term or geographic name as entry element | International Cooperation. |
| 650 22 - SUBJECT ADDED ENTRY--TOPICAL TERM | |
| Topical term or geographic name as entry element | Nurse's Role. |
| 650 22 - SUBJECT ADDED ENTRY--TOPICAL TERM | |
| Topical term or geographic name as entry element | Patient-Centered Care. |
| 700 1# - ADDED ENTRY--PERSONAL NAME | |
| Personal name | Manley, Kim, |
| Titles and other words associated with a name | MN. |
| 700 1# - ADDED ENTRY--PERSONAL NAME | |
| Personal name | McCormack, Brendan. |
| 700 1# - ADDED ENTRY--PERSONAL NAME | |
| Personal name | Wilson, Val |
| Fuller form of name | (Valerie), |
| Dates associated with a name | 1961- |
| 856 42 - ELECTRONIC LOCATION AND ACCESS | |
| Materials specified | Contributor biographical information |
| Uniform Resource Identifier | <a href="http://www.loc.gov/catdir/enhancements/fy0808/2007039587-b.html">http://www.loc.gov/catdir/enhancements/fy0808/2007039587-b.html</a> |
| 856 42 - ELECTRONIC LOCATION AND ACCESS | |
| Materials specified | Publisher description |
| Uniform Resource Identifier | <a href="http://www.loc.gov/catdir/enhancements/fy0808/2007039587-d.html">http://www.loc.gov/catdir/enhancements/fy0808/2007039587-d.html</a> |
| 856 41 - ELECTRONIC LOCATION AND ACCESS | |
| Materials specified | Table of contents only |
| Uniform Resource Identifier | <a href="http://www.loc.gov/catdir/enhancements/fy0808/2007039587-t.html">http://www.loc.gov/catdir/enhancements/fy0808/2007039587-t.html</a> |
| 942 ## - ADDED ENTRY ELEMENTS (KOHA) | |
| Source of classification or shelving scheme | Library of Congress Classification |
| Koha item type | L |
| Withdrawn status | Lost status | Source of classification or shelving scheme | Damaged status | Not for loan | Home library | Current library | Date acquired | Source of acquisition | Total Checkouts | Full call number | Barcode | Date last seen | Price effective from | Koha item type |
|---|---|---|---|---|---|---|---|---|---|---|---|---|---|---|
| Library of Congress Classification | Maasai Mara University Library -Main Campus | Maasai Mara University Library -Main Campus | 06/18/2017 | Donation -T4C | RT82.8 .I56 2008 | 16019015 | 06/18/2017 | 06/18/2017 | L |